[Event "Oslo Chess Festival 2017 "]
[Site "Quality Hotel Expo, Fornebu"]
[Date "2017.09.29"]
[Round "3"]
[White "Djurhuus, Rune"]
[Black "Ingebretsen, Jens E"]
[Result "1/2-1/2"]
[WhiteElo "2417"]
[BlackElo "2062"]
[PlyCount "134"]
[EventDate "2017.??.??"]

1. d4 Nf6 2. c4 e6 3. Nc3 Bb4 4. e3 O-O 5. Bd3 d5 6. Nf3 c5 7. O-O dxc4 8. Bxc4
b6 9. Qe2 Bb7 10. a3 Bxc3 11. bxc3 Qc7 12. Nd2 Rd8 13. Bb2 Nc6 14. f4 Rac8 15.
Bd3 Qe7 16. Rad1 Nd5 17. e4 Nc7 18. Nf3 a6 19. e5 g6 20. Bb1 cxd4 21. cxd4 Na5
22. Ng5 Nd5 23. Ne4 Nc4 24. Rf3 Qh4 25. Bc1 Re8 26. Rh3 Qe7 27. Qf2 f6 28. Qg3
Rf8 29. exf6 Nxf6 30. Ng5 Rc7 31. Re1 Bc8 32. f5 Qd8 33. Nxe6 Bxe6 34. fxe6
Qxd4+ 35. Be3 Nxe3 36. Qxe3 Qxe3+ 37. Rhxe3 Re8 38. e7 Kg7 39. Ba2 Ng8 40. Bxg8
Kxg8 41. Re6 Rb7 42. Rb1 b5 43. Rxa6 Rexe7 44. Ra5 Re3 45. a4 b4 46. Rb5 Ra7
47. R5xb4 Ra3 48. Rb8+ Kg7 49. R8b7+ Rxb7 50. Rxb7+ Kf6 51. Rb4 Ra2 52. h4 h6
53. Kf1 Kf7 54. g3 h5 55. g4 hxg4 56. Rxg4 Rh2 57. Ke1 Ke7 58. Kd1 Kd7 59. Kc1
Kc7 60. Kb1 Kb7 61. Rc4 Rg2 62. a5 Ka6 63. Rc5 Rg4 64. h5 gxh5 65. Rxh5 Ra4 66.
Kb2 Rxa5 67. Rxa5+ Kxa5
1/2-1/2

[Event "Oslo Chess Festival 2017 "]
[Site "Quality Hotel Expo, Fornebu"]
[Date "2017.09.29"]
[Round "3"]
[White "Kvisvik, Brede Alex."]
[Black "Taksrud, Vidar"]
[Result "1/2-1/2"]
[WhiteElo "2296"]
[BlackElo "1983"]
[PlyCount "115"]
[EventDate "2017.??.??"]

1. d4 Nf6 2. g3 c5 3. Nf3 e6 4. c4 cxd4 5. Nxd4 Nc6 6. Bg2 Qb6 7. Nb3 Bb4+ 8.
Nc3 a5 9. O-O Bxc3 10. bxc3 a4 11. Nd4 O-O 12. Ba3 Rd8 13. Rb1 Qa5 14. Qc2 d5
15. c5 Ne5 16. Rb5 Qc7 17. Rfb1 Nc4 18. Bc1 h6 19. e4 e5 20. Nf5 dxe4 21. Bxe4
Nxe4 22. Qxe4 Bxf5 23. Qxf5 Rd1+ 24. Kg2 Qc6+ 25. Kh3 g6 26. Qg4 Rxc1 27. Qxc4
Rxb1 28. Rxb1 Ra5 29. Rb6 Qxc5 30. Rxg6+ Kf8 31. Rg4 Qxc4 32. Rxc4 a3 33. Rb4
Rd5 34. Rb3 Rd2 35. Rxa3 Rxf2 36. Ra5 e4 37. a4 f6 38. Rd5 Ke7 39. Rb5 e3 40.
Rxb7+ Kd6 41. Rb8 Rc2 42. Rd8+ Kc7 43. Rd3 e2 44. Re3 f5 45. a5 Kd6 46. Re8
Rxc3 47. Rxe2 Ra3 48. Re8 Rxa5 49. Rh8 Ra2 50. Rxh6+ Ke5 51. Rh4 Kf6 52. Rf4
Kg5 53. Rf1 Rb2 54. Ra1 Rc2 55. Rg1 Ra2 56. Rg2 Rxg2 57. Kxg2 f4 58. h4+
1/2-1/2

[Event "Oslo Chess Festival 2017 "]
[Site "Quality Hotel Expo, Fornebu"]
[Date "2017.09.29"]
[Round "3"]
[White "Louis, Thibault"]
[Black "Melaa, Sondre Lillestøl"]
[Result "1-0"]
[WhiteElo "2207"]
[BlackElo "1883"]
[PlyCount "59"]
[EventDate "2017.??.??"]

1. e4 e5 2. Nf3 Nc6 3. d4 exd4 4. Nxd4 Bc5 5. Nb3 Bb6 6. Nc3 d6 7. Qe2 Nge7 8.
Be3 O-O 9. O-O-O f5 10. f3 Bxe3+ 11. Qxe3 f4 12. Bc4+ Kh8 13. Qd2 Ne5 14. Be2
Be6 15. Nd4 Bg8 16. g4 Nc4 17. Bxc4 Bxc4 18. h4 Nc6 19. h5 Ne5 20. b3 Bg8 21.
Rh3 Qg5 22. Nf5 a5 23. Ne2 a4 24. Nxf4 Qf6 25. g5 Qf7 26. g6 Qd7 27. gxh7 Bxh7
28. Ng6+ Kg8 29. Nxe5 axb3 30. Qd5+
1-0

[Event "Oslo Chess Festival 2017 "]
[Site "Quality Hotel Expo, Fornebu"]
[Date "2017.09.29"]
[Round "3"]
[White "Sousa, Ludy Helsio P"]
[Black "Kvendseth, Thyra"]
[Result "1/2-1/2"]
[WhiteElo "2171"]
[BlackElo "1810"]
[PlyCount "104"]
[EventDate "2017.??.??"]

1. e4 e5 2. Nf3 Nc6 3. Bb5 a6 4. Ba4 Nf6 5. Qe2 b5 6. Bb3 Be7 7. c3 d6 8. a4
Rb8 9. axb5 axb5 10. Bd5 Qd7 11. b4 O-O 12. O-O Nxd5 13. exd5 Nd8 14. d4 Bb7
15. c4 bxc4 16. Nc3 exd4 17. Nxd4 c6 18. Ra7 Bf6 19. Qxc4 cxd5 20. Qb5 Nc6 21.
Nce2 Qc8 22. Nxc6 Qxc6 23. Qxc6 Bxc6 24. Bf4 Bb5 25. Ra2 Rbe8 26. Re1 Bc3 27.
Rc1 Bxb4 28. Nd4 Bc4 29. Rac2 Ra8 30. Nf5 Ra6 31. Ne3 Bd3 32. Rc8 Bc5 33. Rxf8+
Kxf8 34. Nxd5 Bf5 35. Be3 Be4 36. Bxc5 Bxd5 37. Bb4 Ke7 38. h4 Ra4 39. Rb1 Be6
40. Kh2 h5 41. Kg3 Kf6 42. f3 d5 43. Kf4 Bf5 44. Rb2 Bd3 45. Ke3 Bf5 46. Bc3+
Kg6 47. Bd4 Rc4 48. g3 Ra4 49. Rb6+ Kh7 50. Rb7 Kg6 51. Bb2 Rc4 52. Bd4 Ra4
1/2-1/2

[Event "Oslo Chess Festival 2017 "]
[Site "Quality Hotel Expo, Fornebu"]
[Date "2017.09.29"]
[Round "3"]
[White "Grøver, Sigurd Loe"]
[Black "Nielsen, Andre"]
[Result "1/2-1/2"]
[WhiteElo "1816"]
[BlackElo "2162"]
[PlyCount "94"]
[EventDate "2017.??.??"]

1. e4 e5 2. Nf3 Nc6 3. Bb5 a6 4. Bxc6 dxc6 5. O-O Bg4 6. h3 h5 7. d3 Qf6 8. Be3
Bxf3 9. Qxf3 Qxf3 10. gxf3 Bd6 11. Nd2 Ne7 12. Rfb1 f5 13. Nc4 f4 14. Bd2 Ng6
15. Kf1 b5 16. Na5 c5 17. a4 Kd7 18. Ke2 Nf8 19. Nb3 Ne6 20. Bc3 g5 21. Rg1
Rhg8 22. Rh1 Rab8 23. Rhg1 Nd4+ 24. Bxd4 cxd4 25. axb5 axb5 26. Ra6 Ra8 27.
Rga1 Rxa6 28. Rxa6 Rb8 29. Kd1 c5 30. Ra7+ Kc6 31. Nd2 Bc7 32. Ra1 Bb6 33. Ke2
Kb7 34. Rg1 Bd8 35. Ra1 Ra8 36. Rxa8 Kxa8 37. Nb1 Kb7 38. Na3 Ka6 39. Kd2 Ka5
40. b3 Kb4 41. Nb1 Ba5 42. Ke2 c4 43. bxc4 bxc4 44. Nd2 cxd3+ 45. Kxd3 Bb6 46.
Nb1 Ba7 47. Nd2 Bb6
1/2-1/2

[Event "Oslo Chess Festival 2017 "]
[Site "Quality Hotel Expo, Fornebu"]
[Date "2017.09.29"]
[Round "3"]
[White "Kyrkjebø, Erlend"]
[Black "Sidali, Elias Hulleberg"]
[Result "1-0"]
[WhiteElo "2122"]
[BlackElo "1763"]
[PlyCount "119"]
[EventDate "2017.??.??"]

1. e4 c5 2. Nf3 e6 3. b3 Nc6 4. Bb2 Nf6 5. e5 Nd5 6. c4 Nc7 7. g3 b6 8. Bg2 Bb7
9. O-O Be7 10. Nc3 f6 11. d4 Nxd4 12. Nxd4 Bxg2 13. Kxg2 cxd4 14. Qxd4 fxe5 15.
Qxe5 Bf6 16. Qd6 Be7 17. Qd2 O-O 18. Rad1 d6 19. Ba3 Qd7 20. Rfe1 Qc6+ 21. Kg1
Rad8 22. Nd5 exd5 23. Rxe7 dxc4 24. Bb2 Rd7 25. Rde1 Rxe7 26. Rxe7 Rf7 27. Rxf7
Kxf7 28. bxc4 Qxc4 29. Qxd6 Qc5 30. Qd7+ Qe7 31. Qxe7+ Kxe7 32. Bxg7 a5 33. f4
b5 34. Kf2 b4 35. Ke2 a4 36. Kd3 Ke6 37. Kc4 b3 38. a3 Nd5 39. Ba1 Ne3+ 40. Kb5
Nd1 41. Kxa4 b2 42. Bxb2 Nxb2+ 43. Kb5 Kd6 44. a4 Nd3 45. a5 Kc7 46. Kc4 Nf2
47. Kd5 h5 48. f5 Ng4 49. Ke6 Nxh2 50. f6 Nf3 51. f7 Ng5+ 52. Ke7 Nxf7 53. Kxf7
Kb7 54. Kg6 Ka6 55. Kxh5 Kxa5 56. g4 Kb6 57. g5 Kc6 58. g6 Kd7 59. g7 Ke7 60.
g8=Q
1-0

[Event "Oslo Chess Festival 2017 "]
[Site "Quality Hotel Expo, Fornebu"]
[Date "2017.09.29"]
[Round "3"]
[White "Markussen, Petter B"]
[Black "Zhao, Shengxin"]
[Result "1/2-1/2"]
[WhiteElo "1756"]
[BlackElo "2113"]
[PlyCount "30"]
[EventDate "2017.??.??"]

1. c4 c6 2. Nc3 d5 3. e3 Nf6 4. Nf3 g6 5. Be2 Bg7 6. O-O O-O 7. d4 b6 8. b3 Bb7
9. Bb2 Nbd7 10. Rc1 Ne4 11. cxd5 Nxc3 12. Rxc3 cxd5 13. Qc2 Rc8 14. Rc1 Rxc3
15. Qxc3 Nc5
1/2-1/2

[Event "Oslo Chess Festival 2017 "]
[Site "Quality Hotel Expo, Fornebu"]
[Date "2017.09.29"]
[Round "3"]
[White "Rishovd, Svein"]
[Black "Roque Sola, Maria Fernanda"]
[Result "1-0"]
[WhiteElo "2109"]
[BlackElo "1746"]
[PlyCount "85"]
[EventDate "2017.??.??"]

1. d4 Nf6 2. c4 g6 3. Nf3 Bg7 4. g3 O-O 5. Bg2 c6 6. O-O d5 7. Qb3 dxc4 8. Qxc4
Nbd7 9. Nc3 Nb6 10. Qd3 Be6 11. b3 a5 12. Ng5 Bc8 13. Rd1 h6 14. Nf3 a4 15.
bxa4 Nxa4 16. Ne5 Nxc3 17. Qxc3 Nd5 18. Qb3 e6 19. f4 Qa5 20. a4 Nc3 21. Rd2
Rd8 22. e3 Bxe5 23. fxe5 c5 24. Rc2 cxd4 25. exd4 Nb5 26. Bd2 Qa6 27. Be3 Nxd4
28. Bxd4 Rxd4 29. Rac1 Bd7 30. Qe3 Qxa4 31. Bxb7 Rb8 32. Bf3 Rb3 33. Qf2 Rdd3
34. Be2 Re3 35. Rc8+ Be8 36. Bd1 Red3 37. Bxb3 Rxb3 38. Rf1 Qd7 39. Rfc1 Rb7
40. Kg2 Qb5 41. Kh3 Qa4 42. Qf3 Qb5 43. Rxe8+
1-0

[Event "Oslo Chess Festival 2017 "]
[Site "Quality Hotel Expo, Fornebu"]
[Date "2017.09.29"]
[Round "3"]
[White "Mikelsen, Mattis"]
[Black "Sjøberg, Isak"]
[Result "1-0"]
[WhiteElo "1754"]
[BlackElo "2078"]
[PlyCount "62"]
[EventDate "2017.??.??"]

1. e4 e5 2. Nf3 Nc6 3. Bc4 Nf6 4. d3 Be7 5. O-O O-O 6. c3 d5 7. exd5 Nxd5 8. h3
Nb6 9. Bb5 f6 10. Nbd2 Nb8 11. d4 a6 12. Be2 exd4 13. Nxd4 c5 14. N4f3 Be6 15.
Re1 Bf7 16. Ne4 Qc7 17. Qc2 N8d7 18. c4 Rad8 19. b3 Rfe8 20. Bb2 Nf8 21. Rad1
Ne6 22. Qc1 Bg6 23. Bd3 Nf4 24. Bb1 Bh5 25. Rxd8 Rxd8 26. Qe3 Re8 27. Ba3 f5
28. Bxc5 Nxc4 29. Qd4 Bxf3 30. Qxc4+ Kh8 31. Nd6 Bd5
1-0

[Event "Oslo Chess Festival 2017 "]
[Site "Quality Hotel Expo, Fornebu"]
[Date "2017.09.29"]
[Round "3"]
[White "Tostrup, Trond"]
[Black "Federovski, Adi"]
[Result "0-1"]
[WhiteElo "1717"]
[BlackElo "2030"]
[PlyCount "56"]
[EventDate "2017.??.??"]

1. d4 Nf6 2. g3 g6 3. Bg2 Bg7 4. e4 d6 5. Ne2 O-O 6. O-O c6 7. b3 Qc7 8. Bb2 e5
9. c3 Nbd7 10. Qc2 a5 11. Nd2 a4 12. Rac1 d5 13. c4 dxe4 14. Nxe4 Nxe4 15. Bxe4
Nf6 16. dxe5 Nxe4 17. Qxe4 Bf5 18. Qe3 axb3 19. axb3 Ra2 20. Bd4 Re8 21. f4 f6
22. Nc3 Ra3 23. Nb1 Raa8 24. Rfe1 c5 25. Bxc5 fxe5 26. Qf2 exf4 27. gxf4 Qc6
28. Nc3 Rxe1+
0-1

[Event "Oslo Chess Festival 2017 "]
[Site "Quality Hotel Expo, Fornebu"]
[Date "2017.09.29"]
[Round "3"]
[White "Grindbakken, Erik"]
[Black "Vitenberg, Noam Aviv"]
[Result "1-0"]
[WhiteElo "1675"]
[BlackElo "1989"]
[PlyCount "101"]
[EventDate "2017.??.??"]

1. c4 e6 2. Nc3 c5 3. d4 cxd4 4. Qxd4 Nc6 5. Qd1 Nf6 6. Bf4 Bb4 7. Qc2 Qa5 8.
Bd2 O-O 9. Nf3 d5 10. cxd5 Nxd5 11. Nxd5 Qxd5 12. e4 Nd4 13. Nxd4 Qxd4 14.
O-O-O Qc5 15. Be3 Qxc2+ 16. Kxc2 b6 17. a3 Be7 18. Be2 Bb7 19. f3 Rac8+ 20. Kb3
Rfd8 21. Rc1 Bd6 22. h3 f5 23. exf5 Bd5+ 24. Ka4 Rxc1 25. Rxc1 exf5 26. Bc4
Bxc4 27. Rxc4 Be5 28. Rc2 Rd3 29. Bf2 Rd5 30. b4 Kf7 31. Be1 Rd3 32. Rd2 Rxd2
33. Bxd2 a6 34. b5 axb5+ 35. Kxb5 Bd4 36. Bf4 Ke6 37. Bc7 Kd7 38. Bxb6 Bc3 39.
a4 g5 40. g4 fxg4 41. fxg4 Kd6 42. a5 Bxa5 43. Bxa5 Ke5 44. Bc7+ Ke4 45. Kc5
Kf3 46. Kd5 Kg2 47. Ke4 Kxh3 48. Kf5 Kh4 49. Bd8 h6 50. Be7 Kg3 51. Bxg5
1-0

[Event "Oslo Chess Festival 2017 "]
[Site "Quality Hotel Expo, Fornebu"]
[Date "2017.09.29"]
[Round "3"]
[White "Smeby, Ole"]
[Black "Schouten, Mathias Lind"]
[Result "1-0"]
[WhiteElo "1985"]
[BlackElo "1718"]
[PlyCount "77"]
[EventDate "2017.??.??"]

1. d4 Nf6 2. c4 c5 3. d5 b5 4. cxb5 a6 5. bxa6 Bxa6 6. Nc3 d6 7. Nf3 g6 8. g3
Bg7 9. e4 Bxf1 10. Kxf1 Nbd7 11. Kg2 O-O 12. Re1 Qc7 13. h3 Rfd8 14. Re2 c4 15.
Be3 Nc5 16. Bd4 Nd3 17. Rb1 Nd7 18. Bxg7 Kxg7 19. Nd4 Qa5 20. Nc6 Re8 21. b4
Qb6 22. a4 N7e5 23. a5 Qc7 24. Qa4 Nxc6 25. dxc6 Ne5 26. Nd5 Qxc6 27. Qxc6 Nxc6
28. Nc7 Reb8 29. Nxa8 Rxa8 30. Rc2 Rb8 31. a6 Nd4 32. Rxc4 Nb5 33. Ra1 Kf6 34.
Ra5 Na7 35. Rc7 Nc8 36. b5 Ke6 37. Rxc8 Rxc8 38. a7 Kd7 39. a8=Q
1-0

[Event "Oslo Chess Festival 2017 "]
[Site "Quality Hotel Expo, Fornebu"]
[Date "2017.09.29"]
[Round "3"]
[White "Larsen, Ulrik"]
[Black "Dahl, Max"]
[Result "0-1"]
[WhiteElo "1975"]
[BlackElo "1670"]
[PlyCount "52"]
[EventDate "2017.??.??"]

1. e4 c6 2. d4 d5 3. e5 c5 4. c3 Nc6 5. Nf3 Bg4 6. Be2 e6 7. O-O Nge7 8. Nbd2
Nf5 9. h3 Bxf3 10. Nxf3 Qb6 11. g4 Nfe7 12. dxc5 Qxc5 13. Be3 Qa5 14. Qb3 Qc7
15. c4 dxc4 16. Bxc4 Ng6 17. Rac1 Be7 18. Rfd1 O-O 19. Bxe6 fxe6 20. Qxe6+ Kh8
21. Rd7 Qb8 22. Ng5 Bxg5 23. Bxg5 Ncxe5 24. Rcc7 Nxd7 25. Qxd7 Rg8 26. Bf6 Qf8
0-1

[Event "Oslo Chess Festival 2017 "]
[Site "Quality Hotel Expo, Fornebu"]
[Date "2017.09.29"]
[Round "3"]
[White "Tunsjø, Axel"]
[Black "Wetle Hoem, Tor"]
[Result "1/2-1/2"]
[WhiteElo "1519"]
[BlackElo "1965"]
[PlyCount "54"]
[EventDate "2017.??.??"]

1. e4 c5 2. Nf3 d6 3. d4 cxd4 4. Nxd4 Nf6 5. Nc3 g6 6. Be3 Bg7 7. Be2 O-O 8.
Qd2 Nc6 9. h4 d5 10. exd5 Nxd5 11. Nxd5 Qxd5 12. Bf3 Qe5 13. Nxc6 bxc6 14. c3
Ba6 15. O-O-O Qa5 16. a3 Bc4 17. Bxc6 Rac8 18. Bd7 Rc7 19. Qc2 Rb8 20. Qa4 Qxa4
21. Bxa4 Rcb7 22. b4 Bxc3 23. Bd4 Bxd4 24. Rxd4 Rc8 25. Kd2 e5 26. Rd6 a5 27.
Rb1 axb4
1/2-1/2

[Event "Oslo Chess Festival 2017 "]
[Site "Quality Hotel Expo, Fornebu"]
[Date "2017.09.29"]
[Round "3"]
[White "Enersen, Eirik S."]
[Black "Khoo-Thwe, Louis"]
[Result "1-0"]
[WhiteElo "1911"]
[BlackElo "1653"]
[PlyCount "75"]
[EventDate "2017.??.??"]

1. e4 e5 2. Nf3 Nc6 3. Nc3 Nf6 4. Bb5 Bb4 5. O-O d6 6. d3 O-O 7. Bg5 Bxc3 8.
bxc3 Bd7 9. Rb1 a6 10. Bc4 b5 11. Bb3 Na5 12. d4 Nxb3 13. cxb3 exd4 14. cxd4 h6
15. Bh4 Bg4 16. Qd3 Bxf3 17. Qxf3 g5 18. Bg3 Re8 19. Rfe1 c5 20. dxc5 dxc5 21.
Rbd1 Qe7 22. Bd6 Qe6 23. Bxc5 Nxe4 24. Rd6 Nd2 25. Qe3 Qxe3 26. Bxe3 Ne4 27.
Rxh6 f6 28. h4 Kg7 29. hxg5 Nxg5 30. Rh4 Rg8 31. Bxg5 fxg5 32. Re7+ Kf6 33.
Rhe4 Rgd8 34. R4e6+ Kf5 35. Re5+ Kg4 36. f3+ Kf4 37. Re4+ Kf5 38. g4+
1-0

[Event "Oslo Chess Festival 2017 "]
[Site "Quality Hotel Expo, Fornebu"]
[Date "2017.09.29"]
[Round "3"]
[White "Roque Sola, Andrea"]
[Black "Nygaard, Karl Magnus"]
[Result "0-1"]
[WhiteElo "1900"]
[BlackElo "1661"]
[PlyCount "102"]
[EventDate "2017.??.??"]

1. c4 e5 2. g3 Nc6 3. Bg2 Nf6 4. Nc3 Bc5 5. e3 d6 6. Nge2 a6 7. O-O O-O 8. a3
Bg4 9. b4 Ba7 10. h3 Bh5 11. d3 Qc8 12. Kh2 Ne7 13. Qb3 c6 14. Bd2 Qe6 15. Qa2
Rad8 16. d4 d5 17. c5 e4 18. Nf4 Qd7 19. Nxh5 Nxh5 20. Be1 f5 21. Qe2 Nf6 22.
a4 Bb8 23. b5 axb5 24. axb5 g5 25. bxc6 bxc6 26. f3 Ng6 27. f4 gxf4 28. gxf4
Kh8 29. Bg3 Rg8 30. Rg1 Rg7 31. Na4 Rdg8 32. Nb6 Qf7 33. Ra6 Ne7 34. Bh4 Ng6
35. Bg5 Nf8 36. Bxf6 Qxf6 37. Nxd5 Qh4 38. Rxc6 Qg3+ 39. Kh1 Ng6 40. Bf1 Qxg1+
41. Kxg1 Nxf4+ 42. Kf2 Nd3+ 43. Qxd3 exd3 44. Bxd3 Rg2+ 45. Ke1 Ra2 46. Bf1
Bg3+ 47. Kd1 Ra1+ 48. Ke2 Re1+ 49. Kd3 Rxf1 50. Ne7 Re8 51. Nd5 Rf3
0-1

[Event "Oslo Chess Festival 2017 "]
[Site "Quality Hotel Expo, Fornebu"]
[Date "2017.09.29"]
[Round "3"]
[White "Abdrlauf, Elham"]
[Black "Hånes, Sturle"]
[Result "1-0"]
[WhiteElo "1899"]
[BlackElo "1300"]
[PlyCount "79"]
[EventDate "2017.??.??"]

1. e4 c5 2. Nf3 Nc6 3. c3 d6 4. d4 Bg4 5. d5 Nb8 6. Nbd2 g6 7. e5 dxe5 8. Nxe5
Bxd1 9. Bb5+ Nd7 10. Bxd7+ Qxd7 11. Nxd7 Kxd7 12. Kxd1 Nf6 13. c4 Ng4 14. Ne4
b6 15. h3 Ne5 16. b3 Nd3 17. Ke2 Nxc1+ 18. Raxc1 h6 19. Rcd1 Bg7 20. f4 Bd4 21.
Nd2 Rae8 22. Nf3 e5 23. fxe5 Bxe5 24. Nxe5+ Rxe5+ 25. Kf2 Rhe8 26. Rde1 Rf5+
27. Kg3 Rg5+ 28. Kh2 Rge5 29. Rxe5 Rxe5 30. Rf1 f5 31. Rf2 Re4 32. Kg3 Kd6 33.
Kf3 Ke5 34. Rd2 Rd4 35. Re2+ Re4 36. Rxe4+ fxe4+ 37. Ke3 a6 38. a3 g5 39. a4 a5
40. g4
1-0

[Event "Oslo Chess Festival 2017 "]
[Site "Quality Hotel Expo, Fornebu"]
[Date "2017.09.29"]
[Round "3"]
[White "Leonhardsen, Vebjørn Maanum"]
[Black "Huse, Sigurd Kjelsbøl"]
[Result "0-1"]
[WhiteElo "1483"]
[BlackElo "1876"]
[PlyCount "72"]
[EventDate "2017.??.??"]

1. d4 d5 2. c4 c6 3. Nf3 Nf6 4. e3 a6 5. Qc2 dxc4 6. Bxc4 b5 7. Bd3 e6 8. O-O
Be7 9. Nbd2 Bb7 10. b3 Nbd7 11. Bb2 Rc8 12. Qd1 O-O 13. Rc1 c5 14. Be2 Qb6 15.
Rc2 Rfd8 16. Qa1 cxd4 17. Bxd4 Qa5 18. Rfc1 Rxc2 19. Rxc2 Bb4 20. Bc3 Bxc3 21.
Qxc3 Qxc3 22. Rxc3 Nd5 23. Rc2 Nb4 24. Rb2 Nc5 25. h3 Ncd3 26. Bxd3 Rxd3 27. a4
Rc3 28. axb5 axb5 29. Nd4 Rc1+ 30. Kh2 Nd3 31. Ra2 Nxf2 32. Nxb5 h5 33. Nc4
Rh1+ 34. Kg3 Ne4+ 35. Kf4 f6 36. Rc2 Rf1+
0-1

[Event "Oslo Chess Festival 2017 "]
[Site "Quality Hotel Expo, Fornebu"]
[Date "2017.09.29"]
[Round "3"]
[White "Garcia, Megan Alyssa"]
[Black "Greibrokk, Ingrid"]
[Result "0-1"]
[WhiteElo "1646"]
[BlackElo "1820"]
[PlyCount "138"]
[EventDate "2017.??.??"]

1. e4 c5 2. Nf3 d6 3. d4 cxd4 4. Nxd4 Nf6 5. Nc3 g6 6. Be2 Bg7 7. Be3 O-O 8.
O-O Nc6 9. h3 Bd7 10. Qd2 Rc8 11. f4 a6 12. Bf3 Na5 13. Qf2 Nc4 14. e5 dxe5 15.
fxe5 Nxe5 16. Bxb7 Rb8 17. Bxa6 Neg4 18. hxg4 Nxg4 19. Qf4 e5 20. Qg5 exd4 21.
Qxd8 Rbxd8 22. Bg5 f6 23. Bxf6 Rxf6 24. Rxf6 Nxf6 25. Ne2 Bf5 26. Bd3 Bxd3 27.
cxd3 Nd5 28. a3 Rc8 29. Rc1 Rxc1+ 30. Nxc1 Kf7 31. b4 Ke6 32. Kf2 Ne3 33. a4
Nd1+ 34. Kf3 Nc3 35. a5 Bf8 36. a6 Nb5 37. Ke4 Bxb4 38. a7 Nxa7 39. Kxd4 Nc6+
40. Ke4 Ne5 41. Ne2 Ng4 42. Nf4+ Kd6 43. d4 Nf6+ 44. Kd3 g5 45. Nh3 h6 46. Ng1
Kd5 47. Nf3 Nh5 48. g4 Nf4+ 49. Ke3 Ne6 50. Kd3 Bf8 51. Ne5 Nxd4 52. Ng6 Bg7
53. Ne7+ Ke6 54. Nc8 Nf3 55. Nb6 Ne5+ 56. Ke4 Nxg4 57. Nc4 Bc3 58. Na3 Nf6+ 59.
Kf3 g4+ 60. Kg2 h5 61. Nc4 Kf5 62. Kg3 h4+ 63. Kg2 h3+ 64. Kg3 Ne4+ 65. Kh2
Be5+ 66. Kg1 g3 67. Ne3+ Kg5 68. Kf1 Bd4 69. Ng2 h2
0-1

[Event "Oslo Chess Festival 2017 "]
[Site "Quality Hotel Expo, Fornebu"]
[Date "2017.09.29"]
[Round "3"]
[White "Aarnes, Carl Christian"]
[Black "Wærstad, Leif E"]
[Result "1-0"]
[WhiteElo "1809"]
[BlackElo "1614"]
[PlyCount "39"]
[EventDate "2017.??.??"]

1. e4 c5 2. Nf3 Nc6 3. d4 cxd4 4. Nxd4 d6 5. Nc3 g6 6. Ndb5 Nf6 7. Nd5 Bg7 8.
Nbc7+ Kf8 9. Nxa8 Nxd5 10. exd5 Ne5 11. Be2 Bf5 12. O-O Qxa8 13. f4 Nd7 14. Bf3
Nc5 15. Qe2 a6 16. Re1 Qd8 17. g4 Bd7 18. Rb1 b5 19. Be3 Na4 20. c3
1-0

[Event "Oslo Chess Festival 2017 "]
[Site "Quality Hotel Expo, Fornebu"]
[Date "2017.09.29"]
[Round "3"]
[White "Svanholm, Børge Waaktaar"]
[Black "Kalkman De Koster, Franzke"]
[Result "1-0"]
[WhiteElo "1806"]
[BlackElo "1538"]
[PlyCount "109"]
[EventDate "2017.??.??"]

1. c4 e5 2. Nc3 Nf6 3. Nf3 d6 4. d4 exd4 5. Nxd4 a6 6. g3 Be7 7. Bg2 c6 8. O-O
O-O 9. e4 h6 10. h3 Nh7 11. Be3 c5 12. Nf5 Bxf5 13. exf5 Qd7 14. Nd5 Ra7 15. g4
Nf6 16. Qd2 Nxd5 17. Bxd5 Qd8 18. Rad1 Nd7 19. b3 b5 20. Qc2 Nf6 21. Bxc5 Rd7
22. Be3 Nxd5 23. Rxd5 bxc4 24. Qxc4 Qa8 25. Rc1 Rdd8 26. Qc6 Rc8 27. Qxa8 Rxc1+
28. Bxc1 Rxa8 29. Bf4 Rc8 30. Rd2 g5 31. fxg6 fxg6 32. Bxd6 Bg5 33. Re2 Kf7 34.
Kg2 Rd8 35. Bc5 Rd5 36. Bb4 a5 37. Bc3 h5 38. Re5 Rxe5 39. Bxe5 Bd2 40. Kf3 Ke6
41. Bf4 Bb4 42. Ke4 Bc5 43. Be3 Bb4 44. f4 hxg4 45. hxg4 Kd6 46. Bd4 Bd2 47. f5
gxf5+ 48. gxf5 Bb4 49. a4 Kc6 50. f6 Bd6 51. Bc3 Kb6 52. Kd5 Ba3 53. f7 Bf8 54.
Be5 Kb7 55. Bd6
1-0

[Event "Oslo Chess Festival 2017 "]
[Site "Quality Hotel Expo, Fornebu"]
[Date "2017.09.29"]
[Round "3"]
[White "Jarve, Edvin"]
[Black "Selvik, Kjetil"]
[Result "1-0"]
[WhiteElo "1805"]
[BlackElo "1517"]
[PlyCount "34"]
[EventDate "2017.??.??"]

1. d4 e6 2. c4 b6 3. e4 Bb7 4. Bd3 Bb4+ 5. Bd2 Bxd2+ 6. Nxd2 Nc6 7. Ngf3 Qf6 8.
e5 Qf4 9. g3 Qg4 10. h3 Qh5 11. Ne4 f5 12. exf6 Nxf6 13. Nxf6+ gxf6 14. Qe2
Qa5+ 15. Kf1 Ne7 16. Be4 Bxe4 17. Qxe4 O-O-O
1-0

[Event "Oslo Chess Festival 2017 "]
[Site "Quality Hotel Expo, Fornebu"]
[Date "2017.09.29"]
[Round "3"]
[White "Haynes, Noah"]
[Black "Aure, Anders Nilsson"]
[Result "0-1"]
[WhiteElo "1114"]
[BlackElo "1803"]
[PlyCount "114"]
[EventDate "2017.??.??"]

1. d4 Nf6 2. c4 g6 3. Nc3 d5 4. cxd5 Nxd5 5. e4 Nxc3 6. bxc3 Bg7 7. Bc4 c5 8.
Ne2 Nc6 9. Be3 O-O 10. O-O Na5 11. Bd3 Bg4 12. f3 cxd4 13. cxd4 Be6 14. Qd2 Nc4
15. Bxc4 Bxc4 16. Rfe1 Qd7 17. Rad1 Rac8 18. Nc3 Rfd8 19. d5 Bxc3 20. Qxc3 Be2
21. Qd4 Bxd1 22. Rxd1 a6 23. Bh6 f6 24. e5 Qf5 25. exf6 Qxf6 26. Qe3 Rc3 27.
Qe4 b5 28. h4 Rc4 29. Qe3 Rc3 30. Qe4 Rc4 31. Qe3 Rb8 32. Bg5 Qb6 33. Qxb6 Rxb6
34. Bxe7 Rb7 35. d6 Rd7 36. h5 Kf7 37. hxg6+ hxg6 38. Rd5 Rc2 39. a4 b4 40. Rd4
b3 41. Rb4 b2 42. Kh2 Rxe7 43. dxe7 Kxe7 44. Kh3 Kd6 45. g4 Kc5 46. Rb8 Kd4 47.
Kh4 Kc3 48. Kg5 Rf2 49. f4 Kc2 50. Rc8+ Kb3 51. a5 b1=Q 52. Rb8+ Ka2 53. Rxb1
Kxb1 54. f5 gxf5 55. gxf5 Ka2 56. f6 Ka3 57. Kg6 Ka4
0-1

[Event "Oslo Chess Festival 2017 "]
[Site "Quality Hotel Expo, Fornebu"]
[Date "2017.09.29"]
[Round "3"]
[White "Wright, Haakon"]
[Black "Kreken, Eivind Grunt"]
[Result "1-0"]
[WhiteElo "1795"]
[BlackElo "1486"]
[PlyCount "79"]
[EventDate "2017.??.??"]

1. d4 d5 2. Bf4 Nf6 3. e3 e6 4. Nd2 c5 5. c3 Nc6 6. Ngf3 Bd6 7. Bg3 O-O 8. Bd3
b6 9. Ne5 Bb7 10. f4 a6 11. Bh4 Be7 12. g4 Nxe5 13. fxe5 Nd7 14. Bxe7 Qxe7 15.
h4 f6 16. exf6 Qxf6 17. Qe2 e5 18. g5 Qe7 19. O-O-O e4 20. Bc2 cxd4 21. exd4 b5
22. Rdf1 Rxf1+ 23. Rxf1 Rf8 24. Bb3 Nb6 25. Nf3 b4 26. Ne5 bxc3 27. bxc3 Rxf1+
28. Qxf1 Qc7 29. Kb2 Qe7 30. Qf5 Bc8 31. Qxe4 Be6 32. Qe2 Qb7 33. Kc1 Qc8 34.
Kd2 Nc4+ 35. Nxc4 dxc4 36. Bc2 Bg4 37. Qe4 g6 38. Ba4 Kf8 39. Qe5 Qb7 40. Qh8+
1-0

[Event "Oslo Chess Festival 2017 "]
[Site "Quality Hotel Expo, Fornebu"]
[Date "2017.09.29"]
[Round "3"]
[White "Mikalsen, Bengt Arne"]
[Black "Roksvold, Thore"]
[Result "1-0"]
[WhiteElo "1727"]
[BlackElo "1479"]
[PlyCount "117"]
[EventDate "2017.??.??"]

1. d4 Nf6 2. Nf3 d6 3. c4 g6 4. b3 Bg7 5. Bb2 O-O 6. e3 c5 7. Bd3 b6 8. d5 Bg4
9. h3 Bxf3 10. Qxf3 Nbd7 11. Qe2 Re8 12. Nd2 e5 13. dxe6 Rxe6 14. O-O Ne5 15.
Nf3 Qc7 16. Rad1 Rae8 17. Bb1 Nfd7 18. Kh1 Nxf3 19. Bxg7 Kxg7 20. Qxf3 Rf6 21.
Qg3 Nf8 22. Rd2 Qe7 23. Rd5 Rd8 24. Rfd1 Kh8 25. e4 h6 26. e5 Re6 27. Kh2 Qg5
28. Qxg5 hxg5 29. exd6 Kg7 30. Rxg5 Rexd6 31. Rgd5 Rxd5 32. Rxd5 Rxd5 33. cxd5
Kf6 34. f4 Ke7 35. g4 f6 36. h4 Kd6 37. Be4 g5 38. fxg5 fxg5 39. hxg5 Ke5 40.
g6 Kf6 41. g5+ Kg7 42. d6 Ne6 43. d7 Nd8 44. Kg3 Ne6 45. Kg4 Kf8 46. Bd5 Nd8
47. Kf5 Kg7 48. a4 a6 49. Be4 b5 50. axb5 axb5 51. Ke5 c4 52. bxc4 bxc4 53. Kd4
c3 54. Kxc3 Kf8 55. Bf5 Kg7 56. Kc4 Kf8 57. Kd5 Ke7 58. Kc5 Kf8 59. Kd6
1-0

[Event "Oslo Chess Festival 2017 "]
[Site "Quality Hotel Expo, Fornebu"]
[Date "2017.09.29"]
[Round "3"]
[White "Engevik, Sissel Merete"]
[Black "Reigstad, Erlend"]
[Result "0-1"]
[WhiteElo "1092"]
[BlackElo "1687"]
[PlyCount "88"]
[EventDate "2017.??.??"]

1. e4 e6 2. Nf3 d5 3. Be2 dxe4 4. Ne5 Bc5 5. O-O Nf6 6. a3 O-O 7. b4 Bd4 8. Ra2
Bxe5 9. Bb2 Bxb2 10. Rxb2 Nc6 11. b5 Nd4 12. c3 Nxe2+ 13. Qxe2 a6 14. f3 Bd7
15. bxa6 bxa6 16. c4 Bc6 17. Nc3 exf3 18. gxf3 Qd4+ 19. Rf2 Nh5 20. Kf1 Nf4 21.
Qe3 Qxe3 22. dxe3 Nd3 23. f4 Nxb2 24. Rxb2 Rab8 25. Re2 Rb3 26. Nd1 Bf3 27. Re1
Rb1 28. Nc3 Rxe1+ 29. Kxe1 Rb8 30. Kf2 Bc6 31. c5 Rb3 32. Ne2 Rxa3 33. Nd4 Be4
34. h4 Rc3 35. c6 Bxc6 36. f5 e5 37. Ne2 Rc2 38. e4 Bb5 39. h5 Bxe2 40. f6
Bxh5+ 41. Ke3 a5 42. Kd3 Bd1 43. Ke3 a4 44. Kd3 a3
0-1